Statistics for Which F1 Circuit has this corner?

Click here to take the quiz!

General Stats

  • This quiz has been taken 187 times
  • The average score is 6 of 13

Answer Stats

Corner NameCircuit% Correct
Eau RougeCircuit de Spa-Francorchamps
98%
ParabolicaAutodromo Nazionale di Monza
85%
MaggottsSilverstone Circuit
83%
Sainte DevoteMonaco Grand Prix
80%
130RSuzuka International Racing Course
63%
SudKurveHockenheimring
52%
PinheirinhoAutódromo José Carlos Pace
42%
TarzanbochtCircuit Zandvoort
33%
SchlossgoldRed Bull Ring
33%
RepsolCircuit de Barcelona-Catalunya
28%
PeraltadaAutódromo Hermanos Rodríguez
20%
L'EpingleCircuit Gilles Villeneuve
17%
ConnaughtMarina Bay Street Circuit
4%

Score Distribution

Percentile by Number Answered

Percent of People with Each Score

Your Score History

You have not taken this quiz